e-Learning´10, Proceedings of the International Conference on e-Learning and the Knowledge Society 26 - 27.8.2010 Riga, Latvia

Gespeichert in:
Bibliographische Detailangaben
Format: Buch
Sprache:Englisch
Veröffentlicht: Riga : Riga Technical University, 2010
Tags: Tag hinzufügen
Keine Tags, Fügen Sie das erste Tag hinzu!

MARC

LEADER 00000nam a22000003a 4500
001 stu210607
005 20150408182739.4
008 100907s2010----lv------------------eng-d
020 |a 978-9984-30-181-5 
040 |a STU  |b slo 
041 0 |a eng 
044 |a lv 
245 |a e-Learning´10, Proceedings of the International Conference on e-Learning and the Knowledge Society 26 - 27.8.2010 Riga, Latvia 
260 |a Riga :  |b Riga Technical University,  |c 2010 
996 |b IZ576  |c I*Z576  |l II680  |s A  |a 24  |w stu210607_0001